| 000 | 00514nam a22001817a 4500 | ||
|---|---|---|---|
| 020 | _a9789393969712 | ||
| 082 |
_aM100 7 _bSAN/P |
||
| 245 |
_aPuthukavitha: _bvayana vicharam rashtreeyam/ _cby Santhosh O K (ed.) and Rajesh K Erumeli (ed.) |
||
| 250 | _a2nd. | ||
| 260 |
_aKozhikode: _bAtma Books, _c2024. |
||
| 300 | _a350p. | ||
| 650 | _aPoetry Malayalam Study | ||
| 650 | _aLiterature Malayalam | ||
| 650 | _aLiterature | ||
| 700 | _aSanthosh O K (ed.) | ||
| 700 | _aRajesh K Erumeli (ed.) | ||
| 942 | _cBK | ||
| 999 |
_c181729 _d181729 |
||